[Event "Merida World Heritage op 1st"]
[Site "Merida"]
[Date "2021.08.08"]
[Round "9"]
[White "Lancharro Delgado, Miguel"]
[Black "Calero Duran, Alberto"]
[Result "1-0"]
[WhiteElo "1216"]
[BlackElo "1127"]
[PlyCount "85"]
[EventDate "2021.08.04"]
[EventType "swiss"]
[EventRounds "9"]
[EventCountry "ESP"]
[SourceTitle "EXT 2023"]
[Source "ChessBase"]
[SourceDate "2022.10.05"]
[SourceVersion "1"]
[SourceVersionDate "2022.10.05"]
[SourceQuality "1"]

1. e4 c5 2. Nf3 d6 3. d4 cxd4 4. Nxd4 Nf6 5. Nc3 a6 6. Be2 e6 7. Be3 b5 8. f3 Be7 9. Qd2 Nbd7 10. 0-0-0 Nb6 11. Nc6 Qc7 12. Nxe7 Qxe7 13. Bxb6 0-0 14. Qxd6 Qxd6 15. Rxd6 Bd7 16. e5 b4 17. exf6 bxc3 18. Rxd7 cxb2+ 19. Kb1 gxf6 20. Bd4 Kg7 21. Ra7 Rad8 22. Bc5 Rfe8 23. Be3 Rd5 24. Bxa6 Re5 25. Bd4 Rd5 26. c3 Rc8 27. Bxc8 e5 28. Be6 Rd8 29. Rxf7+ Kg6 30. Rd7 Rb8 31. Be3 f5 32. Rhd1 f4 33. R1d6 fxe3 34. Rd3 Kf6 35. Bb3 e2 36. Re3 e1Q+ 37. Rxe1 Rb6 38. Rd5 Re6 39. f4 e4 40. Re5 Rd6 41. Re6+ Rxe6 42. Bxe6 Kxe6 43. Rxe4+ 1-0

[Event "Merida World Heritage op 1st"]
[Site "Merida"]
[Date "2021.08.07"]
[Round "7"]
[White "Mena Lena, Antonio"]
[Black "Calero Duran, Alberto"]
[Result "0-1"]
[WhiteElo "1296"]
[BlackElo "1127"]
[PlyCount "68"]
[EventDate "2021.08.04"]
[EventType "swiss"]
[EventRounds "9"]
[EventCountry "ESP"]
[SourceTitle "EXT 2023"]
[Source "ChessBase"]
[SourceDate "2022.10.05"]
[SourceVersion "1"]
[SourceVersionDate "2022.10.05"]
[SourceQuality "1"]

1. e4 c5 2. d4 cxd4 3. c3 d3 4. Bxd3 d6 5. Qb3 a6 6. Bf4 Nf6 7. Nf3 e6 8. Nbd2 b5 9. c4 bxc4 10. Nxc4 Nc6 11. Be3 d5 12. Nfe5 Nxe5 13. Nxe5 dxe4 14. Bc4 Qa5+ 15. Qc3 Bb4 16. Bd4 Nd5 17. Bxd5 Bxc3+ 18. Bxc3 Qxd5 19. 0-0 0-0 20. Rad1 Qc5 21. Rfe1 Bb7 22. Nd7 Qc6 23. Nxf8 e3 24. f3 Rxf8 25. Rxe3 Qa4 26. Red3 h5 27. a3 Qh4 28. Be1 Qf6 29. Bg3 h4 30. Bf2 h3 31. Bd4 Qg6 32. g3 Rd8 33. Rb3 Qc2 34. Rbd3 Qg2# 0-1